| 000 | 00000nam##2200000za#4500 |
| 001 | 9.625475 |
| 003 | CaOODSP |
| 005 | 20200421163403 |
| 007 | ta |
| 008 | 150406|2000||||xxc||||| f|0| 0 fre|d |
| 020 | |a0-662-85259-1 |
| 040 | |aCaOODSP|bfre |
| 043 | |an-cn--- |
| 086 | 1 |aNH18-23/66F |
| 110 | 2 |aSociété canadienne d'hypothèques et de logement. |
| 245 | 10|aPolitiques et programmes relatifs au secteur locatif privé : |bétude sur l'expérience internationale |
| 260 | |aOttawa - Ontario : |bSociété canadienne d'hypothèques et de logement |c2000. |
| 300 | |a4p. ; |c28 cm. |
| 490 | 1 |aLe point en recherche. Série socio-économique|v66 |
| 563 | |aDépliant |
| 590 | |a00-45|b2000-11-10 |
| 691 | 07|aLogement|2gcpds |
| 691 | 07|aPolitique|2gcpds |
| 691 | 07|aInvestissement|2gcpds |
| 775 | 08|tPrivate rental policies and programs : |w(CaOODSP)9.615383 |
| 776 | 0#|tPolitiques et programmes relatifs au secteur locatif privé : |w(CaOODSP)9.602172 |
| 830 | #0|aLe point en recherche. Série socio-économique ;|v66|w(CaOODSP)9.513180 |
| 986 | |aLNH 2267 |